Luís de Camões (Registo nº 966)

Detalhes MARC
000 -Etiqueta do registo
Cabeçalho 00771nam0a2200313 i 4500
005 - Identificador da versão
Campo de controlo 20240813121820.0
010 ## - Número internacional normalizado dos livros (ISBN)
Número (ISBN) 9789726507864
021 ## - Número do Depósito Legal
Código do país PT
Número DE-2823-0208
035 ## - Other System Control Numbers
System Control Number 0001031
System Control Number 0001014
100 ## - Dados gerais de processamento
Dados gerais de processamento 20091130d 2008a y0pory5003 ba
102 ## - Pais de publicação ou produção
País de publicação Portugal
101 0# - Língua de publicação
Língua do texto, banda sonora, etc. Português
Língua do documento no original Português
106 ## - Campo de dados codificados: material textual
Dados codificados do material textual r
105 ## - Campo de dados codificados: livros
Dados codificados dos livros a z 001yy
215 ## - Descrição física 
Indicação específica da natureza do documento e extensão da espécie 64 p.
Outras indicações físicas il.
200 1# - Titulo e menção de responsabilidade
Título próprio Luís de Camões
Primeira menção de responsabilidade Zacarias Nascimento
Outras menções de responsabilidade il. Ernesto Neves
225 2# - Colecção 
Título próprio da colecção Chamo-me...
205 ## - Menção da edição
Menção da edição 2ª ed.
210 ## - Publicação, Distribuição, etc. 
Lugar da edição, distribuição, etc. Lisboa
Nome do editor, distribuidor, etc. Didáctica
Data da publicação, distribuição, etc. 2008
304 ## - Notas relativas a título e menção de responsabilidade 
Texto da nota Tít. orig.:
675 ## - Classificação Decimal Universal (CDU)
Notação 929
Edição BN
Língua da edição por
701 #1 - Nome de autor-pessoa física (co-responsabilidade principal)
Palavra de ordem Neves
Outra parte do nome não tomada para palavra de ordem Ernesto
700 #1 - Nome de autor-pessoa física (responsabilidade principal)
Número de registo de entrada de autoridade 0000862
Palavra de ordem Nascimento
Outra parte do nome não tomada para palavra de ordem Zacarias
942 ## - Elementos de entrada adicionados (Koha)
Tipo de item no Koha Livro
Exemplares
Situação do levantamento Origin of item (home branch) (coded) Biblioteca de empréstimo Código de barras Cota Circulation type (not for loan) Tipo de documento Nota do exemplar Damaged status
  Biblioteca Escolar Eng. Nuno Mergulhão Biblioteca Escolar Eng. Nuno Mergulhão BENM1712 929 CAM   Livro Sem mensagem